| 000 | 00437nam a2200181Ia 4500 | ||
|---|---|---|---|
| 005 | 20140404084013.0 | ||
| 008 | 140130s9999 xx 000 0 und d | ||
| 050 |
_aPZ 7 _b.P61464Br 2000 |
||
| 245 |
_cPierce, Tamora _aCircle of magic: Briar's book |
||
| 260 |
_bScholastic, _c1999 |
||
| 300 |
_a258 p. : _c22 cm. |
||
| 440 |
_v1 _931174 |
||
| 521 | _aG7 | ||
| 526 | _c730 | ||
| 942 |
_cBK _2lcc |
||
| 999 |
_c41056 _d41056 |
||